[Event "Madrid ch Veteranos  2019-2020"]
[Site "Maddrid ESP"]
[Date "2020.01.14"]
[Round "2.10"]
[White "Campos Calvo-Sotelo, Javier"]
[Black "Lozano Sanchez, Jose Antonio"]
[Result "1-0"]
[WhiteElo "1908"]
[BlackElo "1812"]
[PlyCount "141"]
[EventDate "2020.01.13"]
[EventType "swiss"]
[EventRounds "9"]
[EventCountry "ESP"]
[SourceTitle "Ajedrez en Madrid"]
[Source "lmi"]
[SourceDate "2020.01.13"]
[SourceVersion "1"]
[SourceVersionDate "2020.01.27"]
[SourceQuality "1"]

1. d4 d5 2. Bg5 h6 3. Bh4 g5 4. Bg3 Nf6 5. h4 Bg7 6. hxg5 hxg5 7. Rxh8+ Bxh8 8.
e3 Nc6 9. Nf3 Bg4 10. Be2 Bxf3 11. Bxf3 Qd7 12. Nd2 e6 13. c4 Ne7 14. Qb3 c6
15. O-O-O Nf5 16. Be5 Bg7 17. g3 Ng8 18. g4 Bxe5 19. gxf5 Bf6 20. fxe6 fxe6 21.
Bh5+ Kd8 22. Kb1 Qh7+ 23. Kc1 Qxh5 24. Qxb7 Rc8 25. Nb3 Qe8 26. Qxa7 Qd7 27.
Qa6 Be7 28. Rh1 Ke8 29. Rh7 Qd8 30. Na5 Qc7 31. Nb7 Qb8 32. Na5 Qa8 33. Qxa8
Rxa8 34. Nxc6 Rxa2 35. cxd5 Ra1+ 36. Kd2 exd5 37. Rh8 Kf7 38. Rxg8 Kxg8 39.
Nxe7+ Kf7 40. Nxd5 Rb1 41. b4 Rb2+ 42. Ke1 Ke6 43. Nc7+ Kd6 44. Na6 Kc6 45. Nc5
Rxb4 46. Ke2 g4 47. Nd3 Ra4 48. Ne5+ Kd5 49. Nxg4 Ke4 50. Nf6+ Kf5 51. Nd5 Ra3
52. f3 Ke6 53. Nf4+ Kf5 54. Nd5 Ke6 55. e4 Ra2+ 56. Ke3 Ra3+ 57. Ke2 Ra2+ 58.
Kd3 Rf2 59. f4 Rf1 60. f5+ Kd6 61. Kc4 Rc1+ 62. Nc3 Re1 63. e5+ Ke7 64. Kd5 Ra1
65. f6+ Kf7 66. Ne4 Ra5+ 67. Nc5 Ra8 68. Kd6 Rb8 69. e6+ Kg6 70. Nd7 Ra8 71. f7
1-0

[Event "Madrid ch Veteranos  2019-2020"]
[Site "Maddrid ESP"]
[Date "2020.01.14"]
[Round "2.11"]
[White "Sotoca Aguado, Jose"]
[Black "Camarero Izquierdo, Juan Carlos"]
[Result "1/2-1/2"]
[WhiteElo "1905"]
[BlackElo "1807"]
[PlyCount "21"]
[EventDate "2020.01.13"]
[EventType "swiss"]
[EventRounds "9"]
[EventCountry "ESP"]
[SourceTitle "Ajedrez en Madrid"]
[Source "lmi"]
[SourceDate "2020.01.13"]
[SourceVersion "1"]
[SourceVersionDate "2020.01.27"]
[SourceQuality "1"]

1. e4 c5 2. Nf3 d6 3. d4 cxd4 4. Nxd4 Nf6 5. Nc3 a6 6. Bg5 e6 7. Qd2 Nbd7 8.
O-O-O Qc7 9. Kb1 b5 10. f3 Bb7 11. Be2 1/2-1/2

[Event "Madrid ch Veteranos  2019-2020"]
[Site "Maddrid ESP"]
[Date "2020.01.14"]
[Round "2.12"]
[White "Minguela Muñoz, Bienvenido"]
[Black "Esteban Amo, Jose M."]
[Result "0-1"]
[WhiteElo "1808"]
[BlackElo "1905"]
[PlyCount "66"]
[EventDate "2020.01.13"]
[EventType "swiss"]
[EventRounds "9"]
[EventCountry "ESP"]
[SourceTitle "Ajedrez en Madrid"]
[Source "lmi"]
[SourceDate "2020.01.13"]
[SourceVersion "1"]
[SourceVersionDate "2020.01.27"]
[SourceQuality "1"]

1. d4 f5 2. Nf3 e6 3. c4 Nf6 4. Nc3 Be7 5. e3 O-O 6. Bd3 b6 7. O-O Bb7 8. Qe2
a5 9. Re1 Ne4 10. Bxe4 fxe4 11. Nd2 d5 12. f4 Na6 13. a3 c5 14. Nb3 Qd7 15. Rd1
a4 16. Nd2 cxd4 17. Nb5 d3 18. Qg4 Nc5 19. Nd4 Rf6 20. cxd5 Bxd5 21. b4 axb3
22. Bb2 Rg6 23. Qh3 Bf6 24. g4 Bxd4 25. Bxd4 e5 26. Bxe5 Rxg4+ 27. Kf2 Rxf4+
28. Kg3 Be6 29. Qh5 Rg4+ 30. Kf2 Rf8+ 31. Bf4 Rfxf4+ 32. exf4 Qd4+ 33. Ke1 Qe3+
0-1

[Event "Madrid ch Veteranos  2019-2020"]
[Site "Maddrid ESP"]
[Date "2020.01.14"]
[Round "2.13"]
[White "Garcia Galeote, Lorenzo"]
[Black "Lopez Guitian, Juan J."]
[Result "1-0"]
[WhiteElo "1901"]
[BlackElo "1509"]
[PlyCount "79"]
[EventDate "2020.01.13"]
[EventType "swiss"]
[EventRounds "9"]
[EventCountry "ESP"]
[SourceTitle "Ajedrez en Madrid"]
[Source "lmi"]
[SourceDate "2020.01.13"]
[SourceVersion "1"]
[SourceVersionDate "2020.01.27"]
[SourceQuality "1"]

1. d4 Nf6 2. c4 e6 3. Nc3 c5 4. e3 d5 5. Nf3 cxd4 6. exd4 Bb4 7. a3 Qa5 8. Bd2
Bxc3 9. Bxc3 Qc7 10. c5 O-O 11. Bd3 b6 12. b4 Nbd7 13. O-O Ne4 14. Bb2 Ndf6 15.
Qc2 Bd7 16. Ne5 Rfc8 17. Qe2 Ne8 18. Bxe4 dxe4 19. Qxe4 Nf6 20. Qf3 Be8 21.
Rfe1 Rab8 22. Nc4 Bb5 23. Nd6 Bc6 24. Qg3 Bd5 25. Nxc8 Qxc8 26. Rac1 b5 27. Re3
Rb7 28. Rce1 h6 29. Bc1 Qc6 30. f3 Nh5 31. Qh4 g6 32. Re5 f6 33. Rxh5 gxh5 34.
Qxh5 Rh7 35. Bxh6 e5 36. Qg6+ Kh8 37. Bf8 Bf7 38. Qf5 Rh5 39. d5 Qe8 40. Qxf6+
1-0

[Event "Madrid ch Veteranos  2019-2020"]
[Site "Maddrid ESP"]
[Date "2020.01.14"]
[Round "2.14"]
[White "Lopez de Turiso, Jose Angel"]
[Black "Nevado Muñoz, Rafael"]
[Result "1-0"]
[WhiteElo "1893"]
[BlackElo "1467"]
[PlyCount "71"]
[EventDate "2020.01.13"]
[EventType "swiss"]
[EventRounds "9"]
[EventCountry "ESP"]
[SourceTitle "Ajedrez en Madrid"]
[Source "lmi"]
[SourceDate "2020.01.13"]
[SourceVersion "1"]
[SourceVersionDate "2020.01.27"]
[SourceQuality "1"]

1. c4 e5 2. Nc3 Nf6 3. Nf3 d6 4. d4 exd4 5. Nxd4 Bd7 6. g3 Nc6 7. Bg2 Nxd4 8.
Qxd4 Bc6 9. Bxc6+ bxc6 10. Bg5 Be7 11. Bxf6 gxf6 12. O-O-O h5 13. h4 Qd7 14.
Ne4 Rh6 15. Rd3 Kf8 16. Rf3 Qe6 17. Rd1 Rg6 18. Nc3 Qe5 19. Qd3 Re8 20. Rf5 Qe6
21. Rxh5 Kg7 22. Ra5 Rg4 23. e4 Bd8 24. Rg1 Kh8 25. f3 Rg7 26. g4 c5 27. Rxa7
c6 28. Ra8 Bc7 29. Rxe8+ Qxe8 30. Qd2 Qd8 31. Kc2 Ba5 32. Rd1 Bc7 33. Ne2 Kg8
34. Ng3 Rh7 35. Nf5 Kf8 36. h5 1-0

[Event "Madrid ch Veteranos  2019-2020"]
[Site "Maddrid ESP"]
[Date "2020.01.14"]
[Round "2.16"]
[White "Becerra Baigorri, Jose"]
[Black "Alonso Abad, Enrique"]
[Result "0-1"]
[WhiteElo "1633"]
[BlackElo "2002"]
[PlyCount "68"]
[EventDate "2020.01.13"]
[EventType "swiss"]
[EventRounds "9"]
[EventCountry "ESP"]
[SourceTitle "Ajedrez en Madrid"]
[Source "lmi"]
[SourceDate "2020.01.13"]
[SourceVersion "1"]
[SourceVersionDate "2020.01.27"]
[SourceQuality "1"]

1. e4 e6 2. d4 d5 3. exd5 exd5 4. Bd3 Nc6 5. Nf3 Bg4 6. c3 Bd6 7. Be3 Nge7 8.
h3 Bf5 9. Qc2 Qd7 10. Nbd2 f6 11. a3 O-O-O 12. b4 Bxd3 13. Qxd3 Qf5 14. Qe2
Rde8 15. a4 Ng6 16. g3 Re7 17. O-O-O Rhe8 18. Nb3 Bxg3 19. Nc5 Bxf2 20. Qxf2
Rxe3 21. Rhe1 Qf4 22. Nd3 Qh6 23. Kc2 b6 24. Ng1 Rxe1 25. Rxe1 Rxe1 26. Qxe1
Kd7 27. Qf2 Nce7 28. Qf3 Qh4 29. Ne2 Qe4 30. Qf2 Nf5 31. Kd2 Ngh4 32. Ne1 g5
33. Ng3 Nxg3 34. Qxg3 h6 0-1

[Event "Madrid ch Veteranos  2019-2020"]
[Site "Maddrid ESP"]
[Date "2020.01.14"]
[Round "2.17"]
[White "Martinez Martinez, Javier II"]
[Black "Tereso Martin, Antonio"]
[Result "1-0"]
[WhiteElo "1572"]
[BlackElo "1954"]
[PlyCount "101"]
[EventDate "2020.01.13"]
[EventType "swiss"]
[EventRounds "9"]
[EventCountry "ESP"]
[SourceTitle "Ajedrez en Madrid"]
[Source "lmi"]
[SourceDate "2020.01.13"]
[SourceVersion "1"]
[SourceVersionDate "2020.01.27"]
[SourceQuality "1"]

1. d4 e6 2. Nf3 f5 3. g3 Nf6 4. Bg2 c5 5. O-O cxd4 6. Nxd4 Nc6 7. Nxc6 bxc6 8.
c4 Bc5 9. b3 Qe7 10. Nd2 d5 11. Bb2 O-O 12. cxd5 cxd5 13. Rc1 Ba6 14. Bxf6 Rxf6
15. Nc4 Rc8 16. Ne5 Rff8 17. Nd3 Ba3 18. Rc2 Rfd8 19. Rxc8 Rxc8 20. Qd2 Bb7 21.
b4 Rc4 22. Rb1 a5 23. bxa5 Qc7 24. Qe3 Bc8 25. Rb6 Bd6 26. h4 Ra4 27. Bxd5 exd5
28. Qe8+ Bf8 29. Qxa4 Bd7 30. Qb3 Be8 31. Qxd5+ Bf7 32. Qb7 Qc2 33. Qf3 Qxa2
34. Qxf5 Qxe2 35. Rb8 g6 36. Rxf8+ Kxf8 37. Qc8+ Kg7 38. Qc3+ Kg8 39. Nf4 Qe4
40. Qc8+ Kg7 41. a6 Qe1+ 42. Kg2 Qe4+ 43. Kh2 Qd4 44. Kg2 Qe4+ 45. f3 Qd4 46.
Qb7 Qd2+ 47. Kh3 Qf2 48. a7 h5 49. a8=Q Qf1+ 50. Kh2 Qf2+ 51. Ng2 1-0

[Event "Madrid ch Veteranos  2019-2020"]
[Site "Maddrid ESP"]
[Date "2020.01.14"]
[Round "2.18"]
[White "Maseda Iglesias, Luis"]
[Black "Vukotic Jovsic, Dragan"]
[Result "0-1"]
[WhiteElo "1722"]
[BlackElo "1918"]
[PlyCount "35"]
[EventDate "2020.01.13"]
[EventType "swiss"]
[EventRounds "9"]
[EventCountry "ESP"]
[SourceTitle "Ajedrez en Madrid"]
[Source "lmi"]
[SourceDate "2020.01.13"]
[SourceVersion "1"]
[SourceVersionDate "2020.01.27"]
[SourceQuality "1"]

1. d3 d5 2. Nd2 e5 3. Ngf3 Nc6 4. e4 Nf6 5. Be2 h6 6. O-O Be6 7. c3 dxe4 8.
dxe4 Qd7 9. b4 Bd6 10. a4 a5 11. b5 Ne7 12. Qc2 Ng6 13. Nc4 Bxc4 14. Bxc4 Qg4
15. Re1 Nf4 16. Bxf4 Qxf4 17. Qd2 Qg4 18. Qd5 0-1

[Event "Madrid ch Veteranos  2019-2020"]
[Site "Maddrid ESP"]
[Date "2020.01.14"]
[Round "2.19"]
[White "Chidichimo, Pedro Jose Maria"]
[Black "Lopez Heras, Arturo"]
[Result "0-1"]
[WhiteElo "1802"]
[BlackElo "1742"]
[PlyCount "42"]
[EventDate "2020.01.13"]
[EventType "swiss"]
[EventRounds "9"]
[EventCountry "ESP"]
[SourceTitle "Ajedrez en Madrid"]
[Source "lmi"]
[SourceDate "2020.01.13"]
[SourceVersion "1"]
[SourceVersionDate "2020.01.27"]
[SourceQuality "1"]

1. d4 d5 2. Nf3 e6 3. e3 Nf6 4. Bd3 c5 5. b3 Bd6 6. O-O O-O 7. Bb2 cxd4 8. exd4
Nc6 9. a3 Bd7 10. Nbd2 Rc8 11. Ne5 Ne7 12. f4 Nf5 13. Qe2 Qb6 14. Ndf3 Bc6 15.
Rac1 a6 16. a4 Bxa4 17. bxa4 Qxb2 18. Rb1 Qa3 19. Rb3 Nxd4 20. Qe3 Nxb3 21.
cxb3 Bc5 0-1

[Event "Madrid ch Veteranos  2019-2020"]
[Site "Maddrid ESP"]
[Date "2020.01.14"]
[Round "2.20"]
[White "Pashov, Spas Nikolov"]
[Black "Perales Hernandez, Manuel"]
[Result "1-0"]
[WhiteElo "1847"]
[BlackElo "1300"]
[PlyCount "41"]
[EventDate "2020.01.13"]
[EventType "swiss"]
[EventRounds "9"]
[EventCountry "ESP"]
[SourceTitle "Ajedrez en Madrid"]
[Source "lmi"]
[SourceDate "2020.01.13"]
[SourceVersion "1"]
[SourceVersionDate "2020.01.27"]
[SourceQuality "1"]

1. e4 e5 2. Nf3 Nc6 3. c3 g5 4. d4 g4 5. Nxe5 Nxe5 6. dxe5 d6 7. Bf4 Bh6 8. Qd2
Bxf4 9. Qxf4 Qe7 10. exd6 cxd6 11. Bb5+ Kd8 12. Na3 Nf6 13. O-O-O Kc7 14. Nc4
Rd8 15. e5 dxe5 16. Nxe5 Kb6 17. Rxd8 Qxd8 18. Rd1 Qe7 19. Rd6+ Kc7 20. Rxf6
Kb8 21. Nd7# 1-0

[Event "Madrid ch Veteranos  2019-2020"]
[Site "Maddrid ESP"]
[Date "2020.01.14"]
[Round "2.21"]
[White "Martinez Carrasco, Jesus"]
[Black "Marcos Herrero, Francisco"]
[Result "0-1"]
[WhiteElo "1566"]
[BlackElo "1861"]
[PlyCount "102"]
[EventDate "2020.01.13"]
[EventType "swiss"]
[EventRounds "9"]
[EventCountry "ESP"]
[SourceTitle "Ajedrez en Madrid"]
[Source "lmi"]
[SourceDate "2020.01.13"]
[SourceVersion "1"]
[SourceVersionDate "2020.01.27"]
[SourceQuality "1"]

1. d4 Nf6 2. c4 e6 3. Nc3 Bb4 4. Qc2 c5 5. e3 O-O 6. Nf3 d5 7. a3 Bxc3+ 8. Qxc3
Ne4 9. Qc2 Nc6 10. cxd5 exd5 11. dxc5 Qa5+ 12. Bd2 Qxc5 13. Qxc5 Nxc5 14. Bc3
Bf5 15. Rd1 Rad8 16. Nd4 Nxd4 17. Bxd4 Nb3 18. Bxa7 Bc2 19. Bd3 Bxd1 20. Kxd1
Rc8 21. Bc2 Nc5 22. Kd2 Ne4+ 23. Bxe4 dxe4 24. Bd4 f5 25. h3 Rc6 26. g4 fxg4
27. Rg1 Rxf2+ 28. Ke1 Rh2 29. Bc3 Rxh3 30. Rxg4 Rxe3+ 31. Kd2 Rd3+ 32. Kc2 Rd4
33. Kb1 Rd7 34. Rxe4 g5 35. Re5 Rg6 36. Re8+ Kf7 37. Rh8 Ke6 38. Re8+ Kf5 39.
Re5+ Kf4 40. Re8 g4 41. Rf8+ Ke3 42. Re8+ Kf3 43. Rf8+ Kg2 44. b4 g3 45. a4 Kh2
46. Be5 Kh3 47. Rf3 Re7 48. Bd4 Kh2 49. Rf1 g2 50. Bg1+ Kh1 51. Rd1 Rf7 0-1

[Event "Madrid ch Veteranos  2019-2020"]
[Site "Maddrid ESP"]
[Date "2020.01.14"]
[Round "2.23"]
[White "Hernandez Gutierrez, Jose"]
[Black "Martinez Miura, Enrique"]
[Result "1-0"]
[WhiteElo "1785"]
[BlackElo "1561"]
[PlyCount "111"]
[EventDate "2020.01.13"]
[EventType "swiss"]
[EventRounds "9"]
[EventCountry "ESP"]
[SourceTitle "Ajedrez en Madrid"]
[Source "lmi"]
[SourceDate "2020.01.13"]
[SourceVersion "1"]
[SourceVersionDate "2020.01.27"]
[SourceQuality "1"]

1. d4 d5 2. c4 e6 3. Nf3 Nf6 4. g3 Be7 5. Bg2 O-O 6. O-O c6 7. Qc2 h6 8. Nbd2
Nbd7 9. e4 dxe4 10. Nxe4 Nxe4 11. Qxe4 Nf6 12. Qc2 Bd7 13. Rd1 Rc8 14. Ne5 a5
15. Be3 Qc7 16. Rac1 c5 17. Nxd7 Nxd7 18. d5 exd5 19. Rxd5 Nf6 20. Rd2 Rfd8 21.
Rcd1 Rxd2 22. Rxd2 Rd8 23. Bf4 Rxd2 24. Qxd2 Qc8 25. Qxa5 Bd8 26. Qb5 b6 27. b4
cxb4 28. Qxb4 Qf5 29. Qb3 Be7 30. Qxb6 Bc5 31. Qb8+ Kh7 32. Qb3 g5 33. Be3 Bxe3
34. fxe3 Ng4 35. Qb2 Nxe3 36. Qe2 Qc5 37. Qf2 f5 38. h3 Qe5 39. Kh2 Nxc4 40.
Qa7+ Kg6 41. Qa6+ Nd6 42. a4 Kg7 43. Qa7+ Kg6 44. Qb6 f4 45. Qb3 Nf5 46. Qg8+
Ng7 47. Qb3 Nf5 48. Qb6+ Nd6 49. Qb1+ Nf5 50. Be4 fxg3+ 51. Kg2 Qf4 52. Bxf5+
Kh5 53. Qd1+ Kh4 54. Qg4+ Qxg4 55. hxg4 h5 56. gxh5 1-0

[Event "Madrid ch Veteranos  2019-2020"]
[Site "Maddrid ESP"]
[Date "2020.01.14"]
[Round "2.24"]
[White "Diaz Begonte, Manuel"]
[Black "Fernandez Garcia, Ignacio"]
[Result "0-1"]
[WhiteElo "1507"]
[BlackElo "1770"]
[PlyCount "48"]
[EventDate "2020.01.13"]
[EventType "swiss"]
[EventRounds "9"]
[EventCountry "ESP"]
[SourceTitle "Ajedrez en Madrid"]
[Source "lmi"]
[SourceDate "2020.01.13"]
[SourceVersion "1"]
[SourceVersionDate "2020.01.27"]
[SourceQuality "1"]

1. d4 d5 2. e3 Bf5 3. Nf3 Nf6 4. c4 e6 5. Nc3 c6 6. Qb3 Nbd7 7. Bd2 Qc7 8. Be2
Rc8 9. Rc1 Qb8 10. h3 h6 11. cxd5 exd5 12. O-O Bd6 13. Na4 b5 14. Nc3 a5 15. a4
b4 16. Nb1 c5 17. dxc5 Nxc5 18. Bb5+ Qxb5 19. axb5 Nxb3 20. Rxc8+ Bxc8 21. Nd4
Nxd4 22. exd4 O-O 23. Rc1 Bd7 24. b3 Bxb5 0-1

[Event "Madrid ch Veteranos  2019-2020"]
[Site "Maddrid ESP"]
[Date "2020.01.14"]
[Round "2.26"]
[White "Cruz Gonzalez, Antonio"]
[Black "Santos Rodriguez, Jose"]
[Result "1-0"]
[WhiteElo "1737"]
[BlackElo "1498"]
[PlyCount "97"]
[EventDate "2020.01.13"]
[EventType "swiss"]
[EventRounds "9"]
[EventCountry "ESP"]
[SourceTitle "Ajedrez en Madrid"]
[Source "lmi"]
[SourceDate "2020.01.13"]
[SourceVersion "1"]
[SourceVersionDate "2020.01.27"]
[SourceQuality "1"]

1. e4 c5 2. Nf3 d6 3. d3 Nc6 4. g3 Nf6 5. Bg2 e6 6. O-O Be7 7. Re1 Qc7 8. c3
O-O 9. Nbd2 b5 10. Nf1 a5 11. e5 dxe5 12. Nxe5 Bb7 13. Qe2 Bd6 14. Bf4 Nd5 15.
Bxd5 exd5 16. Nxc6 Bxf4 17. Ne7+ Kh8 18. gxf4 Rfe8 19. Nxd5 Qc6 20. Nfe3 Qg6+
21. Qg4 Qxg4+ 22. Nxg4 Bxd5 23. a3 Kg8 24. Re5 Be6 25. Rae1 Kf8 26. f3 Rad8 27.
Nf2 Bf5 28. Rxe8+ Rxe8 29. Rxe8+ Kxe8 30. Ne4 Bd7 31. Nxc5 Bc6 32. Kf2 Ke7 33.
Ne4 h6 34. b3 Ke6 35. Ke3 f5 36. Nc5+ Kd6 37. b4 Kd5 38. Nb3 axb4 39. axb4 g5
40. fxg5 hxg5 41. f4 g4 42. Na5 Ba8 43. c4+ bxc4 44. dxc4+ Kd6 45. Kd4 Bf3 46.
c5+ Kc7 47. b5 Be4 48. b6+ Kb8 49. c6 1-0

[Event "Madrid ch Veteranos  2019-2020"]
[Site "Maddrid ESP"]
[Date "2020.01.14"]
[Round "2.27"]
[White "Ramos Antona, Enrique"]
[Black "Corredor Gonzalez, Angel L."]
[Result "0-1"]
[WhiteElo "1493"]
[BlackElo "1733"]
[PlyCount "112"]
[EventDate "2020.01.13"]
[EventType "swiss"]
[EventRounds "9"]
[EventCountry "ESP"]
[SourceTitle "Ajedrez en Madrid"]
[Source "lmi"]
[SourceDate "2020.01.13"]
[SourceVersion "1"]
[SourceVersionDate "2020.01.27"]
[SourceQuality "1"]

1. d4 Nf6 2. c4 e5 3. dxe5 Ng4 4. Nf3 Bc5 5. e3 Nc6 6. h3 Ngxe5 7. a3 a5 8.
Nbd2 O-O 9. Be2 d6 10. Nxe5 Nxe5 11. Nf3 Re8 12. O-O Re6 13. Nxe5 Rxe5 14. Bd2
Qh4 15. Bg4 f5 16. g3 Qe7 17. Bf3 c6 18. Kh2 Bd7 19. b4 axb4 20. axb4 Ba7 21.
Bc3 Be6 22. Bxe5 dxe5 23. c5 e4 24. Bg2 Rd8 25. Qc2 Bb8 26. Rfd1 Bd5 27. Bf1 h5
28. Bc4 h4 29. Bxd5+ cxd5 30. Kg2 hxg3 31. fxg3 Qe5 32. Qf2 Kf7 33. Rh1 d4 34.
Rad1 d3 35. Rd2 Rh8 36. g4 g6 37. Kf1 Ke6 38. g5 Rf8 39. Kg2 f4 40. exf4 Rxf4
41. Qg3 Qd5 42. Re1 Be5 43. Qe3 Kf5 44. Rf1 Rxf1 45. Kxf1 Bf4 46. Rf2 Qe5 47.
b5 Kxg5 48. Qxf4+ Qxf4 49. Rxf4 Kxf4 50. c6 bxc6 51. bxc6 Ke3 52. Ke1 d2+ 53.
Kd1 Kf2 54. c7 e3 55. c8=Q e2+ 56. Kc2 d1=Q+ 0-1

[Event "Madrid ch Veteranos  2019-2020"]
[Site "Maddrid ESP"]
[Date "2020.01.14"]
[Round "2.28"]
[White "Barragan Panal, Juan Jose"]
[Black "Prieto Gonzalez, Cesar"]
[Result "1-0"]
[WhiteElo "1679"]
[BlackElo "1480"]
[PlyCount "93"]
[EventDate "2020.01.13"]
[EventType "swiss"]
[EventRounds "9"]
[EventCountry "ESP"]
[SourceTitle "Ajedrez en Madrid"]
[Source "lmi"]
[SourceDate "2020.01.13"]
[SourceVersion "1"]
[SourceVersionDate "2020.01.27"]
[SourceQuality "1"]

1. d4 d6 2. Nf3 Nf6 3. c4 Nbd7 4. Nc3 e5 5. e3 g6 6. Be2 Bg7 7. O-O O-O 8. Qc2
Re8 9. b3 Nf8 10. dxe5 dxe5 11. Rd1 N8d7 12. e4 c6 13. Ba3 Bf8 14. Bxf8 Kxf8
15. Rd6 Qc7 16. Rad1 Kg7 17. b4 Nf8 18. Qd2 Nd5 19. Nb5 cxb5 20. Rxd5 bxc4 21.
Rc5 Qb6 22. Nxe5 Be6 23. Nxc4 Bxc4 24. Qc3+ Qf6 25. Qxf6+ Kxf6 26. Rxc4 Ne6 27.
Rc2 Rad8 28. Rcd2 Rxd2 29. Rxd2 Rc8 30. g3 Rc1+ 31. Kg2 Rc7 32. f4 h5 33. Kf2
b6 34. Bd3 Ng7 35. Rc2 Rd7 36. Rc6+ Ke7 37. Ke3 Rd6 38. Rc7+ Rd7 39. Rxd7+ Kxd7
40. Bc4 Ne6 41. Bxe6+ fxe6 42. Kd4 Kd6 43. b5 Ke7 44. Ke5 Kf7 45. f5 exf5 46.
exf5 g5 47. h4 1-0

[Event "Madrid ch Veteranos  2019-2020"]
[Site "Maddrid ESP"]
[Date "2020.01.14"]
[Round "2.29"]
[White "Navas Marin, Felix"]
[Black "Bellagamba, Pascal"]
[Result "0-1"]
[WhiteElo "1451"]
[BlackElo "1635"]
[PlyCount "82"]
[EventDate "2020.01.13"]
[EventType "swiss"]
[EventRounds "9"]
[EventCountry "ESP"]
[SourceTitle "Ajedrez en Madrid"]
[Source "lmi"]
[SourceDate "2020.01.13"]
[SourceVersion "1"]
[SourceVersionDate "2020.01.27"]
[SourceQuality "1"]

1. d4 Nf6 2. Nf3 g6 3. Bf4 Bg7 4. e3 Nh5 5. Bg5 h6 6. Bh4 c6 7. Be2 d6 8. c3
Nd7 9. Nfd2 Nhf6 10. Bg3 b5 11. a3 Bb7 12. h3 O-O 13. Bh2 Re8 14. O-O e5 15. b4
Qe7 16. Nb3 Rad8 17. Na5 Ba8 18. Nd2 exd4 19. cxd4 a6 20. Rc1 Rc8 21. Bf3 d5
22. Ndb3 Bf8 23. Nc5 Nxc5 24. dxc5 Qe6 25. Re1 Red8 26. Kh1 Ne4 27. Qe2 f5 28.
Kg1 Bg7 29. g4 Kh7 30. Nb3 Be5 31. Bxe5 Qxe5 32. Nd4 Rc7 33. Bg2 Bb7 34. Rf1
fxg4 35. hxg4 Bc8 36. Nxc6 Rxc6 37. Qd3 Rf8 38. Bxe4 dxe4 39. Qe2 Rf3 40. Qa2
Be6 41. Qd2 Qg5 0-1

[Event "Madrid ch Veteranos  2019-2020"]
[Site "Maddrid ESP"]
[Date "2020.01.14"]
[Round "2.30"]
[White "Jimenez Ascarza, Jose Ignacio"]
[Black "Calderon Martin, Antonio"]
[Result "0-1"]
[WhiteElo "1436"]
[BlackElo "1614"]
[PlyCount "76"]
[EventDate "2020.01.13"]
[EventType "swiss"]
[EventRounds "9"]
[EventCountry "ESP"]
[SourceTitle "Ajedrez en Madrid"]
[Source "lmi"]
[SourceDate "2020.01.13"]
[SourceVersion "1"]
[SourceVersionDate "2020.01.27"]
[SourceQuality "1"]

1. e4 e5 2. Nf3 Nc6 3. Bb5 Bc5 4. c3 Nge7 5. O-O Bb6 6. d4 exd4 7. cxd4 d5 8.
e5 Bg4 9. Be3 O-O 10. Be2 Bxf3 11. Bxf3 Nf5 12. Nc3 Ncxd4 13. Bxd4 Nxd4 14.
Bxd5 c6 15. Be4 Qh4 16. Kh1 Rad8 17. f4 Nf5 18. Qf3 Nd4 19. Qg3 Qxg3 20. hxg3
Rfe8 21. Rad1 Re6 22. Rf2 Rh6+ 23. Kg1 Ne6 24. Rxd8+ Nxd8 25. Na4 Bxf2+ 26.
Kxf2 Ne6 27. f5 Nd8 28. Nc5 Kf8 29. a4 Rh1 30. b4 Rc1 31. e6 fxe6 32. fxe6 g6
33. Kf3 Ke7 34. Kg4 Rc4 35. Kf3 Rxb4 36. g4 Rc4 37. Nd3 Nxe6 38. Ne5 Ng5+ 0-1

[Event "Madrid ch Veteranos  2019-2020"]
[Site "Maddrid ESP"]
[Date "2020.01.14"]
[Round "2.31"]
[White "Mendez Rodriguez, Carlos"]
[Black "Menendez Domens, Juan Manuel"]
[Result "1-0"]
[WhiteElo "1581"]
[BlackElo "1439"]
[PlyCount "69"]
[EventDate "2020.01.13"]
[EventType "swiss"]
[EventRounds "9"]
[EventCountry "ESP"]
[SourceTitle "Ajedrez en Madrid"]
[Source "lmi"]
[SourceDate "2020.01.13"]
[SourceVersion "1"]
[SourceVersionDate "2020.01.27"]
[SourceQuality "1"]

1. Nf3 Nf6 2. c4 b6 3. g3 Bb7 4. Bg2 e6 5. O-O Be7 6. d4 O-O 7. Nc3 h6 8. Re1
c5 9. d5 exd5 10. cxd5 d6 11. e4 Nbd7 12. Nh4 Ne5 13. Nf5 Bc8 14. Nxe7+ Qxe7
15. f4 Bg4 16. Qc2 Nf3+ 17. Bxf3 Bxf3 18. Qd3 Bh5 19. e5 dxe5 20. fxe5 Ng4 21.
Qe4 c4 22. d6 Qe6 23. Nd5 f5 24. Qd4 Rad8 25. Nf4 Qe8 26. e6 Rf6 27. Bd2 g5 28.
d7 Qe7 29. Nxh5 Rxe6 30. Rxe6 Rxd7 31. Qxc4 Qc5+ 32. Qxc5 bxc5 33. Bc3 Kf7 34.
Rae1 Rd5 35. h3 1-0

[Event "Madrid ch Veteranos  2019-2020"]
[Site "Maddrid ESP"]
[Date "2020.01.14"]
[Round "2.32"]
[White "Suarez Mencia, Roberto"]
[Black "Martinez Pintor, Juan"]
[Result "0-1"]
[WhiteElo "1387"]
[BlackElo "1577"]
[PlyCount "56"]
[EventDate "2020.01.13"]
[EventType "swiss"]
[EventRounds "9"]
[EventCountry "ESP"]
[SourceTitle "Ajedrez en Madrid"]
[Source "lmi"]
[SourceDate "2020.01.13"]
[SourceVersion "1"]
[SourceVersionDate "2020.01.27"]
[SourceQuality "1"]

1. c4 c6 2. g3 Nf6 3. Bg2 e6 4. e3 d5 5. cxd5 exd5 6. Ne2 Bd6 7. Nbc3 O-O 8. d4
Bf5 9. O-O Nbd7 10. f3 Qe7 11. e4 dxe4 12. Bg5 exf3 13. Rxf3 Bg6 14. d5 h6 15.
Bxf6 Nxf6 16. dxc6 bxc6 17. Rf1 Rac8 18. Kh1 Ng4 19. Qa4 Ne3 20. Rfe1 Nc2 21.
Red1 Nxa1 22. Rxa1 Qc7 23. Nd4 Be5 24. Nxc6 Bxc3 25. bxc3 Rfe8 26. Rc1 Qb6 27.
Nxa7 Qf2 28. h3 Re2 0-1

[Event "Madrid ch Veteranos  2019-2020"]
[Site "Maddrid ESP"]
[Date "2020.01.14"]
[Round "2.33"]
[White "Navarro Corredor, Angel"]
[Black "Rodriguez Bachiller, Luis"]
[Result "1/2-1/2"]
[WhiteElo "1346"]
[BlackElo "1568"]
[PlyCount "111"]
[EventDate "2020.01.13"]
[EventType "swiss"]
[EventRounds "9"]
[EventCountry "ESP"]
[SourceTitle "Ajedrez en Madrid"]
[Source "lmi"]
[SourceDate "2020.01.13"]
[SourceVersion "1"]
[SourceVersionDate "2020.01.27"]
[SourceQuality "1"]

1. Nf3 Nf6 2. b3 d6 3. Bb2 e5 4. d3 Be7 5. e4 O-O 6. Be2 Ne8 7. O-O f5 8. exf5
Bxf5 9. Nbd2 Nf6 10. Nh4 Be6 11. Nhf3 Nd5 12. Ne4 Nf4 13. Bc1 Nxe2+ 14. Qxe2
Bg4 15. Ned2 Bg5 16. Qe4 Bxd2 17. Nxd2 Qc8 18. Nc4 Bf5 19. Qh4 Nc6 20. Ne3 Bg6
21. Nd5 Rf7 22. Bg5 Qf5 23. Bd2 Qe6 24. Nc3 Nd4 25. Rac1 c6 26. Ne4 Bxe4 27.
Qxe4 d5 28. Qe1 Qg6 29. Qe3 Re8 30. c3 Nf3+ 31. Kh1 Nxd2 32. Qxd2 Rf5 33. Rce1
Ref8 34. Re3 Qf6 35. Kg1 b5 36. b4 Rf4 37. Rg3 e4 38. dxe4 Rxe4 39. Rf3 Qe7 40.
Rxf8+ Kxf8 41. Ra1 Re2 42. Qf4+ Ke8 43. Qb8+ Kf7 44. Qf4+ Kg8 45. Kf1 Rc2 46.
Qb8+ Qf8 47. Qg3 g6 48. Qe3 Qf7 49. f3 Qf5 50. Qe8+ Kg7 51. Qe7+ Qf7 52. Qe5+
Qf6 53. Qc7+ Kh6 54. Qg3 Qxc3 55. Qh4+ Kg7 56. Qe7+ 1/2-1/2